<?xml version="1.0" encoding="UTF-8"?><?xml-stylesheet type="text/xsl" href="static/style.xsl"?><OAI-PMH xmlns="http://www.openarchives.org/OAI/2.0/" xmlns:xsi="http://www.w3.org/2001/XMLSchema-instance" xsi:schemaLocation="http://www.openarchives.org/OAI/2.0/ http://www.openarchives.org/OAI/2.0/OAI-PMH.xsd"><responseDate>2026-04-27T13:48:50Z</responseDate><request verb="GetRecord" identifier="oai:uvadoc.uva.es:10324/52006" metadataPrefix="marc">https://uvadoc.uva.es/oai/request</request><GetRecord><record><header><identifier>oai:uvadoc.uva.es:10324/52006</identifier><datestamp>2022-03-02T17:27:45Z</datestamp><setSpec>com_10324_30605</setSpec><setSpec>com_10324_894</setSpec><setSpec>col_10324_41</setSpec></header><metadata><record xmlns="http://www.loc.gov/MARC21/slim" xmlns:doc="http://www.lyncode.com/xoai" xmlns:xsi="http://www.w3.org/2001/XMLSchema-instance" xmlns:dcterms="http://purl.org/dc/terms/" xsi:schemaLocation="http://www.loc.gov/MARC21/slim http://www.loc.gov/standards/marcxml/schema/MARC21slim.xsd">
<leader>00925njm 22002777a 4500</leader>
<datafield tag="042" ind1=" " ind2=" ">
<subfield code="a">dc</subfield>
</datafield>
<datafield tag="720" ind1=" " ind2=" ">
<subfield code="a">Guerra Núñez, Ignacio</subfield>
<subfield code="e">author</subfield>
</datafield>
<datafield tag="260" ind1=" " ind2=" ">
<subfield code="c">2021</subfield>
</datafield>
<datafield tag="520" ind1=" " ind2=" ">
<subfield code="a">El uso del garañón o asno corpulento y la proliferación de mulas, generalmente estériles,&#xd;
contribuyeron a la escasez y deterioro de los caballos españoles y al empobrecimiento&#xd;
general de las dehesas. La Guerra de la Independencia, la Guerra Realista y la Primera y&#xd;
Tercera Guerras Carlistas, todas durante el siglo XIX, pusieron de manifiesto la falta de&#xd;
animales para el arma de caballería. Las requisiciones llevadas a cabo por los sucesivos&#xd;
gobiernos tampoco contribuyeron a la recuperación de la cría caballar hasta bien entrado&#xd;
el siglo XIX. No fueron proclives los pintores españoles a la realización de escenas&#xd;
relacionadas con hechos históricos; y cuando lo hacían, eran encargos del monarca. Más&#xd;
abundantes son, sin embargo, los retratos ecuestres.</subfield>
</datafield>
<datafield tag="024" ind2=" " ind1="8">
<subfield code="a">https://uvadoc.uva.es/handle/10324/52006</subfield>
</datafield>
<datafield tag="024" ind2=" " ind1="8">
<subfield code="a">10.35376/10324/52006</subfield>
</datafield>
<datafield ind1=" " ind2=" " tag="653">
<subfield code="a">Caballos</subfield>
</datafield>
<datafield ind1=" " ind2=" " tag="653">
<subfield code="a">Requisiciones</subfield>
</datafield>
<datafield ind1=" " ind2=" " tag="653">
<subfield code="a">Guerra</subfield>
</datafield>
<datafield tag="245" ind1="0" ind2="0">
<subfield code="a">Caballos para la guerra en el siglo xix español. Entre las requisiciones y las representaciones</subfield>
</datafield>
</record></metadata></record></GetRecord></OAI-PMH>